Focus (Record no. 77789)

MARC details
000 -LEADER
fixed length control field 01057cab a2200277 4500
001 - CONTROL NUMBER
control field ##L135123
008 - FIXED-LENGTH DATA ELEMENTS--GENERAL INFORMATION
fixed length control field 060926n2006 000 0 eng u
035 ## - SYSTEM CONTROL NUMBER
System control number (Sirsi) u135123
041 0# - LANGUAGE CODE
Language code of text/sound track or separate title eng
100 1# - MAIN ENTRY--PERSONAL NAME
Personal name Kivlehan, Noella Pio
245 00 - TITLE STATEMENT
Title Focus
Remainder of title Ireland
260 ## - PUBLICATION, DISTRIBUTION, ETC.
Date of publication, distribution, etc. 2006
490 #0 - SERIES STATEMENT
Series statement Estates Gazette
Volume/sequential designation (0638) 23 September 2006, 157-183(17)
520 ## - SUMMARY, ETC.
Summary, etc. Examines various aspects of the commercial property market in Ireland, including the redevelopment of the former Maze prison into a sports stadium; a profile of Treasury Holdings and their projects; the mixed-use development at Adamstown in Dublin; developments in Cork and the current property sell-offs being undertaken by the Bank of Ireland and AIB. Tables.
590 ## - LOCAL NOTE (RLIN)
Local note IKA031006
651 #4 - SUBJECT ADDED ENTRY--GEOGRAPHIC NAME
Geographic name IRELAND
651 #4 - SUBJECT ADDED ENTRY--GEOGRAPHIC NAME
Geographic name BELFAST
651 #4 - SUBJECT ADDED ENTRY--GEOGRAPHIC NAME
Geographic name DUBLIN
651 #4 - SUBJECT ADDED ENTRY--GEOGRAPHIC NAME
Geographic name CORK
690 ## - LOCAL SUBJECT ADDED ENTRY--TOPICAL TERM (OCLC, RLIN)
Topical term or geographic name as entry element PROPERTY-COMMERCIAL PROPERTY-COMMERCIAL PROPERTY MARKET
700 1# - ADDED ENTRY--PERSONAL NAME
Personal name McClary, Samantha
700 1# - ADDED ENTRY--PERSONAL NAME
Personal name Condon, Diarmaid
700 1# - ADDED ENTRY--PERSONAL NAME
Personal name Gibson, Robert
700 1# - ADDED ENTRY--PERSONAL NAME
Personal name Buckley, Donal
942 ## - ADDED ENTRY ELEMENTS (KOHA)
Suppress in OPAC 0
Holdings
Withdrawn status Lost status Source of classification or shelving scheme Damaged status Not for loan Home library Current library Shelving location Date acquired Total Checkouts Full call number Barcode Date last seen Copy number Price effective from Koha item type
    Dewey Decimal Classification     London London Journal article 26/09/2006   L135123 135123-1001 06/08/2019 1 06/08/2019 Journal article